Nazioni Tenniste primi in classifica WTA - Statistics

Statistiche generali
  • Questo quiz è stato fatto 13 volte
  • Il punteggio medio è 11 su 15
Statistiche sulle risposte
Continente Numero giocatrici Nazione % Corretto
Asia / Europa 2 Russia
100%
Europa 2 Spagna
100%
America del Nord 8 Stati Uniti
100%
Europa 2 Germania
92%
Europa 1 Polonia
92%
Oceania 2 Australia
85%
Europa 1 Bielorussia
85%
Asia 1 Giappone
77%
Europa 2 Belgio
69%
Europa 1 Svizzera
69%
Europa 1 Francia
62%
Europa 3 Jugoslavia / Serbia
62%
Europa 1 Repubblica Ceca
62%
Europa 1 Romania
54%
Europa 1 Danimarca
38%
Nessun quiz corrispondente trovato
Distribuzione punteggi
Percentuale di utenti per punteggio
Percentile per numero di risposta
I tuoi punteggi nel tempo
Non hai fatto questo quiz